| 000 | 00584nam a22001817a 4500 | ||
|---|---|---|---|
| 003 | OSt | ||
| 005 | 20250818063406.0 | ||
| 008 | 250818b |||||||| |||| 00| 0 eng d | ||
| 020 | _a978-1-4016-0453-0. | ||
| 040 |
_aDWCL MAIN LIB _cOC |
||
| 082 | _aCirc. 641.567 L848s 2012 | ||
| 100 | _aLONG, BENITA | ||
| 245 |
_aShare the bounty : _b finding God's grace through the spirit of hospitality / _cLONG, BENITA |
||
| 260 |
_aMexico : _b Thomas Nelson, _c c2012. |
||
| 300 |
_a205 pages : _bcolor illustrations ; _c30 cm. |
||
| 504 | _aIncludes index. | ||
| 942 |
_2ddc _cBK-CIRC _kCirc. _n0 |
||
| 999 |
_c4018 _d4018 |
||